| 000 | 01208nam0a22002531 4500 | ||
|---|---|---|---|
| 001 | rc\1084409 | ||
| 005 | 20041126173710.1 | ||
| 035 | _a(NLR Aleph) 006332342 | ||
| 090 |
_a7558390 _c7558390 |
||
| 100 | _a20041126d1984 u |0rusy50 ca | ||
| 101 | 0 | _arus | |
| 102 | _aRU | ||
| 105 | _ay ||||||||| | ||
| 200 | 1 |
_aИнформационные базы и программные ресурсы ИСИ АН СССР 1984 г. _e(Метод. рекомендации по их использ.) _eМатериалы к Всесоюз. науч.-практ. совещ. по развитию социол. исслед., г. Киев, 21-22 нояб. 1984 г. _f[Отв. ред. В.Г. Андреенков] |
|
| 210 |
_aМ. _cИСИ _d1984 |
||
| 215 |
_a101 с. _d20 |
||
| 300 | _aВ надзаг.: АН СССР, Ин-т социол. исслед., Сов. социол. ассоц. | ||
| 702 | 1 |
_aАндреенков _bВ. Г. _4340 |
|
| 712 | 1 | 2 |
_aВсесоюзное науч.-практ. совещ. по развитию социологических исследований _f1984 _eКиев |
| 801 | 0 |
_aRU _bNLR _gpsbo |
|
| 801 | 1 |
_aRU _bELAR _2rusmarc |
|
| 852 |
_aNLR _j85-3/2930 |
||
| 942 | _cBOOK | ||
| 980 | _aNB | ||